Statistiques concernant Genève - Culture générale

Cliquez ici pour prendre le quiz!

Statistiques générales

  • Ce quiz a été pris 3 877 fois
    (3 570 depuis la dernière actualisation)
  • Le résultat moyen est 13 sur 24

Statistiques - réponses

InformationRéponse% Correct
Ce même lacLac Léman
95%
Industrie de précision luxueuse, Rolex en est un exempleHorlogerie
90%
Du haut de ses 4808m ce sommet enneigé est facilement visible de la villeMont Blanc
82%
ONG crée à Genève pour soigner les soldats au frontCroix Rouge
76%
Emblème de la ville haut de 140 mètres, au bord du lacJet d'eau
74%
Fleuve traversant la villeRhône
74%
Canton dont la ville est capitaleGenève
70%
Couleur du phare de GenèveBlanc
68%
Ce dernier créa aussi le www, que signifie-t'il?World Wide Web
57%
Centre de recherche européen qui possède un accélérateur de particulesCERN
54%
Général romain qui détruisit les voies de Genève lors de sa campagne des GaulesJules César
54%
Auteur, philosophe et lumière: Du contrat social, Julie ou la Nouvelle Héloïse...Jean-Jacques Rousseau
51%
Ancêtre de l'ONU basé à Genève (1920-1946)Société des Nations
51%
Impératrice autrichienne assassinée iciSissi l'impératrice
50%
Créateur de TiteufZep
48%
Animal représenté sur les armoiries avec une cléAigle
46%
Professeur genevois inventé par Mary Shelley dont la "créature" est devenu un standard de la culture populaireFrankenstein
45%
Traité qui régit le statut des réfugiés{Convention} de Genève
44%
Genève en Allemand, Italien ou RomancheGenf / Ginevra / Genevra
44%
Réformateur protestant radicalJean Calvin
41%
Saint patron et cathédrale qu'elle partage avec RomeSaint-Pierre
39%
Devise "éclairée" de GenèvePost tenebras {lux}
35%
Fête où l'on peut trouver des marmites en chocolatEscalade
26%
Prix Nobel, fondateur de l'ONG citée plus hautHenry {Dunant}
23%

Distribution des résultats

Percentile par nombre de réponses

% des personnes avec chaque résultat

Votre développement - résultats

Vous n’avez pas pris ce quiz depuis la dernière actualisation